01829nam a2200481 i 450000100060000000300020000600500170000800600190002500700150004400800410005902000180010002000270011803500230014503500240016803500250019203500210021704000310023805000210026908000130029008000100030308200120031310000300032524500970035526400400045230000410049233600310053333700330056433800430059749000650064050000230070558801240072859001590085265000260101165000270103765000400106465000410110465500270114579700190117283000660119185600620125794200110131999900170133079177020241217151528.0m o d | cr cnu||||||||160709s2012 sp o 001 0 spa d z9788497046220 a9788497046381 (e-book) a(MiAaPQ)EBC4536502 a(Au-PeEL)EBL4536502 a(CaPaEBR)ebr11217190 a(OCoLC)984774746 aFINmELBbspaerdacFINmELB 4aP93.5bM425 2012 a069(035) a069.60 a6852231 aMateos Rusillo, Santos M.10aManual de comunicación para museos y atractivos patrimoniales /cSantos M. Mateos Rusillo. 1aAsturias :bEdiciones Trea,c[2012] a1 recurso en línea (174 páginas) atextobtxt2rdacontent/spa acomputadorabc2rdamedia/spa arecurso en líneabcr2rdacarrier/spa1 aManuales de Museística, Patrimonio y Turismo Cultural ;v3 aContiene índice. aDescripción basada en recurso en línea; Título de la página del título en PDF (e-libro, visto July 09, 2016). aRecurso electronico. Santa Fe, Arg. : e-libro, 2016. Disponible via World Wide Web. El acceso puede ser limitado para las bibliotecas afiliadas a e-libro. 0aVisual communication. 4aComunicación visual. 0aMuseumsxTechnological innovations. 4aMuseosxInnovaciones tecnológicas. 4aLibros electrónicos.2 ae-libro, Corp. 0aManuales de Museística, Patrimonio y Turismo Cultural ;v3.40uhttps://elibro.net/ereader/politecnicointernacional/60513 cLIBROS c79177d79177